मानक हिन्दी व्याकरण और रचना / (Record no. 59539)
[ view plain ]
| 000 -LEADER | |
|---|---|
| fixed length control field | 00768nam a22001817a 4500 |
| 005 - DATE AND TIME OF LATEST TRANSACTION | |
| control field | 2011121602112.0 |
| 020 ## - INTERNATIONAL STANDARD BOOK NUMBER | |
| International Standard Book Number | 8177143190 |
| Terms of availability | 400.00 |
| 082 ## - DEWEY DECIMAL CLASSIFICATION NUMBER | |
| Classification number | 425 |
| 100 ## - MAIN ENTRY--PERSONAL NAME | |
| Personal name | हरिवंश तरुण |
| 245 ## - TITLE STATEMENT | |
| Title | मानक हिन्दी व्याकरण और रचना / |
| Statement of responsibility, etc | हरिवंश तरुण |
| 246 ## - VARYING FORM OF TITLE | |
| Remainder of title | Manak Hindi vyakaran aur rachana |
| Medium | by Harivansh Tarun |
| 260 ## - PUBLICATION, DISTRIBUTION, ETC. (IMPRINT) | |
| Place of publication, distribution, etc | ऩई दिल्ली |
| Name of publisher, distributor, etc | प्रकाशन संस्थान |
| Date of publication, distribution, etc | 2011 |
| 270 ## - ADDRESS | |
| Address | 4628-B/3, Ansari Road, Dariyaganj |
| City | New Delhi |
| Postal code | 110002 |
| 300 ## - PHYSICAL DESCRIPTION | |
| Extent | 395पृ. |
| Dimensions | 22 सेमी ( सजिल्द) |
| 600 ## - SUBJECT ADDED ENTRY--PERSONAL NAME | |
| General subdivision | हिन्दी व्याकरण |
| 600 ## - SUBJECT ADDED ENTRY--PERSONAL NAME | |
| General subdivision | Hindi Grammar |
| 942 ## - ADDED ENTRY ELEMENTS (KOHA) | |
| Source of classification or shelving scheme | Dewey Decimal Classification |
| Item type | Hindi Books |
| Classification part | 425 |
| Call number suffix | हरिवं |
No items available.
